000
00312nam a22001457a 4500
008
210427b ||||| |||| 00| 0 eng d
020
_a
9780673424914
041
_a
eng
080
_a
591
082
_a
591
100
_a
7
101
_a
ZOO
245
_a
Discover Science
_c
Michael R. Cohen
942
_2
udc
_c
BK
999
_c
56856
_d
56856